| 000 | 00991nam a2200277 a 4500 | ||
|---|---|---|---|
| 001 | 4110 | ||
| 003 | CO-ViMGA | ||
| 005 | 20250918192505.0 | ||
| 008 | 140329s2013 sp gr 00010 spa d | ||
| 020 | _a9789588699660 | ||
| 040 |
_aCO-ViMGA _bspa _cCO-ViMGA |
||
| 041 | 1 | _heng | |
| 043 | _aa-is--- | ||
| 100 | 1 | 0 |
_aOz, Amos _d1939- _964992 |
| 245 | 1 | 0 |
_aEntre amigos / _cAmos Oz ; traduccion del hebreo de Raquel Garcia Lozano |
| 250 | _aEdicion especial para El Ministerio de Cultura, Biblioteca Nacional de Colombia | ||
| 300 |
_a154 paginas _c22 cm |
||
| 490 | 0 |
_aNuevos tiempos _v256 |
|
| 505 | 0 | _aEl rey de Noruega. -- Dos mujeres. -- Padre. -- Un niño pequeñǫ -- Por la noche. -- Dir Ajlun. -- Esperanto. | |
| 534 | _tBetween friends | ||
| 650 | 1 | 4 |
_aAmistad en la literatura _2LEMB _970 |
| 650 | 1 | 4 |
_aCuentos israelies _2LEMB _ySiglo XX _964993 |
| 650 | 1 | 4 |
_aLiteratura israel _ySiglo XX _2LEMB _964994 |
| 700 | 1 | 0 |
_aGarcia Lozano, Raquel _etraductor _964995 |
| 942 |
_2ddc _cBK |
||
| 999 |
_c4110 _d4110 |
||